| 000 | 00735nam a22002057a 4500 | ||
|---|---|---|---|
| 999 |
_c11027 _d11027 |
||
| 003 | AR-CdUCM | ||
| 008 | 190402b ||||| |||| 00| 0 eng d | ||
| 040 |
_aMUNICIPALIDAD PROVINCIAL DEL CUSCO _cBIBLIOTECA MUNICIPAL DEL CUSCO |
||
| 082 |
_aEP / 372.460 / _bZ42 |
||
| 100 |
_aZapata Santillana, Averardo _928144 |
||
| 245 |
_aNuevo Pepito : _bTaller de prelectura y escritura (para niños de educación inicial) / |
||
| 260 |
_aPerú : _bEdiciones coquito, _c1995. |
||
| 300 |
_a111 páginas ; _bIlustraciones, _c28 cm. |
||
| 505 | _aContenido: Libro de aprestamiento. | ||
| 650 |
_aLibro de aprestamiento _927945 |
||
| 650 |
_aLibro coquito _928145 |
||
| 650 |
_aLibro de actividades _927520 |
||
| 942 |
_2ddc _cLIBROS |
||
| 945 | _adavv | ||